00573nam a2200181Ia 4500003000900000008004100009020001800050040001600068080001700084100001900101245011000120260004400230300001300274490005300287650001300340650002700353650001100380IN-BaIIA211028s9999 xx 000 0 eng d a0-19-509019-5 cIIA Library a535.317bHAR aHardy, John W. 0aAdaptive optics for astronomical telescopescJohn W. Hardy  aNew YorkbOxford University Pressc1998 ax, 438p. aOxford series in optical and imaging science; 16 aAdaptive aAstronomical telescope aOptics